Sports Quiz

Random Sports Quiz

ATP Tour Finalists 2005-2018 Quiz Stats

 Plays Quiz not verified by Sporcle

Score 0/112 Timer 10:00
0 Plays Today
Hint Answer % Correct
2005Roger Federer
100%
2006Roger Federer
100%
2007Roger Federer
100%
2007Novak Djokovic
100%
2008Novak Djokovic
100%
2008Roger Federer
100%
2009Roger Federer
100%
2009Novak Djokovic
100%
2010Roger Federer
100%
2010Novak Djokovic
100%
2011Roger Federer
100%
2011Novak Djokovic
100%
2012Novak Djokovic
100%
2012Roger Federer
100%
2013Novak Djokovic
100%
2013Roger Federer
100%
2014Novak Djokovic
100%
2014Roger Federer
100%
2015Roger Federer
100%
2015Novak Djokovic
100%
2017Roger Federer
100%
2016Novak Djokovic
100%
2018Alexander Zverev
100%
2018Roger Federer
100%
2018Novak Djokovic
100%
2018Marin Čilić
100%
2006Rafael Nadal
99.2%
2007Rafael Nadal
99.2%
2009Rafael Nadal
99.2%
2010Rafael Nadal
99.2%
2011Rafael Nadal
99.2%
2013Rafael Nadal
99.2%
2015Rafael Nadal
98.6%
2015Andy Murray
98.6%
2008Andy Murray
98.5%
2009Andy Murray
98.5%
2010Andy Murray
98.5%
2012Andy Murray
98.5%
Hint Answer % Correct
2014Andy Murray
98.5%
2015David Ferrer
97.3%
2015Tomas Berdych
95.9%
2016Andy Murray
95.7%
2017Grigor Dimitrov
95.7%
2017Alexander Zverev
95.7%
2007David Ferrer
94.7%
2010David Ferrer
94.7%
2011David Ferrer
94.7%
2012David Ferrer
94.7%
2013David Ferrer
94.7%
2014David Ferrer
94.7%
2015Stanislas Wawrinka
94.5%
2018John Isner
93.8%
2015Kei Nishikori
91.8%
2017Jack Sock
91.3%
2016Stan Wawrinka
91.3%
2016Marin Čilić
91.3%
2017Marin Čilić
91.3%
2008Jo-Wilfried Tsonga
90.8%
2011Jo-Wilfried Tsonga
90.8%
2012Jo-Wilfried Tsonga
90.8%
2013Stanislas Wawrinka
90.8%
2014Stanislas Wawrinka
90.8%
2018Dominic Thiem
87.5%
2018Kei Nishikori
87.5%
2006Andy Roddick
87%
2007Andy Roddick
87%
2010Andy Roddick
87%
2010Tomáš Berdych
87%
2011Tomáš Berdych
87%
2012Tomáš Berdych
87%
2013Tomáš Berdych
87%
2014Tomáš Berdych
87%
2016Dominic Thiem
87%
2017Dominic Thiem
87%
2014Kei Nishikori
86.3%
2005Nikolay Davydenko
84.7%
Hint Answer % Correct
2006Nikolay Davydenko
84.7%
2007Nikolay Davydenko
84.7%
2008Nikolay Davydenko
84.7%
2008Juan Martín del Potro
84.7%
2009Nikolay Davydenko
84.7%
2009Juan Martín del Potro
84.7%
2012Juan Martín del Potro
84.7%
2013Juan Martín del Potro
84.7%
2007Richard Gasquet
83.2%
2013Richard Gasquet
83.2%
2016Kei Nishikori
82.6%
2017David Goffin
82.6%
2016David Goffin
82.6%
2005David Nalbandian
82.4%
2006David Nalbandian
82.4%
2014Marin Čilić
81.7%
2016Milos Raonic
78.3%
2009Robin Söderling
75.6%
2010Robin Söderling
75.6%
2018Kevin Anderson
75%
2008Giles Simon
69.5%
2005Ivan Ljubičić
67.2%
2006Ivan Ljubičić
67.2%
2005Fernando González
66.4%
2007Fernando González
66.4%
2009Fernando Verdasco
66.4%
2006James Blake
65.6%
2017Pablo Carreño Busta
65.2%
2011Mardy Fish
64.1%
2011Janko Tipsarević
61.1%
2012Janko Tipsarević
61.1%
2005Guillermo Coria
59.5%
2005Gastón Gaudio
55%
2006Tommy Robredo
55%
2008Radek Štěpánek
32.8%
2005Mariano Puerta
26%

You're not logged in!

Compare scores with friends on all Sporcle quizzes.
OR
Log In

Sporcle TV

Today on Sporcle TV


Watch our educational content, quiz creation guides, and fun videos on Sporcle TV.

Show Comments

Extras

Created Aug 27, 2015ReportNominate
Tags:ATP, finalist, tour

Top Quizzes Today


Score Distribution

Your Account Isn't Verified!

In order to create a playlist on Sporcle, you need to verify the email address you used during registration. Go to your Sporcle Settings to finish the process.

Report this User

Report this user for behavior that violates our Community Guidelines.

Details: